Komunikácia v manažmente
Gespeichert in:
| 1. Verfasser: | |
|---|---|
| Weitere Verfasser: | , |
| Format: | Buch |
| Sprache: | Slowakisch |
| Veröffentlicht: |
Praha
Wolters Kluwer
2018
|
| Ausgabe: | 1. vydanie |
| Schlagworte: | |
| Tags: |
Keine Tags, Fügen Sie das erste Tag hinzu!
|
MARC
| LEADER | 00000nam a2200000 4500 | ||
|---|---|---|---|
| 001 | 0281977 | ||
| 005 | 20240416113824.8 | ||
| 020 | |a 978-80-7598-184-4 | ||
| 020 | |a 978-80-7598-185-1 | ||
| 041 | 0 | |a slo | |
| 044 | |a SK | ||
| 245 | 1 | 0 | |a Komunikácia v manažmente |c Miroslava Szarková ; recenzovali: Jozef Králik, Marta Matulčíková |
| 250 | |a 1. vydanie | ||
| 264 | 1 | |a Praha |b Wolters Kluwer |c 2018 | |
| 300 | |a 236 s. | ||
| 610 | 2 | 0 | |a komunikácia |
| 610 | 2 | 0 | |a komunikácia manažérska |
| 610 | 2 | 0 | |a komunikácia interpersonálna |
| 610 | 2 | 0 | |a komunikácia masová |
| 610 | 2 | 0 | |a komunikácia firemná |
| 610 | 2 | 0 | |a nástroje komunikačné |
| 610 | 2 | 0 | |a komunikácia neverbálna |
| 610 | 2 | 0 | |a komunikácia verbálna |
| 610 | 2 | 0 | |a asertivita |
| 610 | 2 | 0 | |a empatia |
| 610 | 2 | 0 | |a persuázia |
| 610 | 2 | 0 | |a komunikácia interkultúrna |
| 610 | 2 | 0 | |a manažéri |
| 100 | 1 | |a Szarková, Miroslava, 1951- | |
| 700 | 1 | |a Králik, Jozef | |
| 700 | 1 | |a Matulčíková, Marta, 1964- | |